00445nam a2200193Ia 4500003000900000008004100009040001300050040001300063041000800076100003200084245006500116250001000181260000800191260000900199300001100208300001000219490001600229490000600245IT-RoPAU120407s9999 xx 000 0 und d aIT-RoPAU cIT-RoPAU aita aJacqueline Dupuy Ancillotti aSaranno il mio popolo. Cammino di una comunità€ carismatica aRoma  aRem c1985 a135 p. c20 cm aRisuscitò€ v4